Statistics for Softball Picture Quiz

Click here to take the quiz!

General Stats

  • This quiz has been taken 47 times
    (38 since last reset)
  • The average score is 8 of 8

Answer Stats

Answer % Correct
Base
100%
Bat
100%
Fielding Glove
100%
Ball
100%
Plate
100%
Cleats
97%
Helmet
94%
Batting Glove
87%

Score Distribution

Percentile by Number Answered

Percent of People with Each Score

Your Score History

You have not taken this quiz since the last reset